000 01708nam a22002297a 4500
999 _c85389
_d85389
005 20181115160259.0
010 _aBAC - HN24 HIN-103063 B-539675-714 B-664400
020 _a9789350123669
_c95.00
035 _aHN-75409 B-539675-714
035 _aB-664400
037 _aDPL
_bरमेश पब्लि.
037 _bDBAD / PUB
082 _a000
245 _aआर.गुप्ता कृत सामान्य ज्ञान डाइजेस्ट :
_c(वस्तुनिष्ठ प्रश्नोत्तर सहित ) /
260 _aनई दिल्ली
_bरमेश पब्लिशिंग हाउस
_c2014
260 _c2017
270 _a12-एच.,न्यू दरियागंज रोड़, ट्रैफिक कोतवाली के सामने
_bनई दिल्ली
_e110002
_k23261567
_l011-23275124
_minfo@rameshpublishinghouse.com
300 _a344 पृ.
_c22 सेमी.(अजिल्द)
942 _2ddc
_cHN
_m000
_hआरगु